Capitales d'Océanie - Statistiques

Statistiques générales
  • Ce quiz a été pris 1 189 fois
  • Le résultat moyen est 8 sur 14
Statistiques - réponses
Pays Capitales % Correct
Australie Canberra
100%
Nouvelle-Zélande Wellington
81%
Fidji Suva
63%
Vanuatu Port-Vila
55%
Papouasie-Nouvelle-Guinée Port Moresby
54%
États Fédérés de Micronésie Palikir
51%
Samoa Apia
50%
Nauru Yaren
50%
Tuvalu Funafuti
46%
Îles Marshall Majuro
46%
Kiribati Tarawa-Sud
46%
Tonga Nukuʻalofa
45%
Îles Salomon Honiara
41%
Palaos Ngerulmud
41%
Aucun quiz correspondant
Distribution des résultats
% des personnes avec chaque résultat
Percentile par nombre de réponses
Votre historique - résultats
Vous n’avez pas pris ce quiz